000 01837cam a22005294i 4500
003 PE-LiUPU
005 20250731165641.0
008 150616s r 000 0 d
020 _a8876531351
035 _a(Sirsi) i9788876531354
040 _aPE-LiUPU
_bspa
_cPE-LiUPU
_erda
049 _aPRUA
082 0 4 _a221.008
_bAB
_221
100 1 _aBorgonovo, Gianantonio,
_eautor.
245 1 3 _aLa Notte E Il Suo Sole :
_bluce e tenebre nel Libro di Giobbe Analisis simbólica.
_n135 /
_cGianantonio Borgonovo.
264 1 _aRoma :
_bEditrice Pontificio Istituto Biblico,
_c1995.
300 _a498 páginas ;
_c24 centímetros
336 _atext
_2rdacontent
337 _aunmediated
_2rdamedia
338 _avolume
_2rdacarrier
490 0 _aAnalecta Biblica ;
_v135
504 _aIncluye bibliografía.
505 0 _aAnalisis del libro de Job 3-38, 42, 6.
526 _aSEG44
526 _aSEG26
526 _aP151
526 _aP150
526 _aP149
526 _aP146
526 _aP145
526 _aP126
526 _aP125
526 _aP92
526 _aP75
526 _aP74
526 _aP27
526 _aP15
630 _aBiblia.
_pA.T.
_pJob
_xComentarios.
650 0 4 _a
910 _ajck
_bjvq
_cjck
942 _2ddc
_cBOOK
949 _aRC 221.008 AB 135
_wDEWEY
_c1
_i40600
_lCCODEBUL1
_mBUL
_r0
_sY
_tBOOK
_u2015-6-16
_xTEOLOGIA
_zUNKNOWN
_0COMPRA
_o.CIRCNOTE. No olvidar cambiar la fecha de devolución!!!!!!!
_o.STAFF. Colección General
994 _aC0
_bPEPRU
596 _a1
999 _aRC 221.008 AB 135
_wDEWEY
_c58385
_i40600
_f2021-11-8
_g6
_lCCODEBUL1
_mBUL
_r1
_sY
_tBOOK
_u2015-6-16
_xTEOLOGIA
_zUNKNOWN
_0COMPRA
_o.CIRCNOTE. No olvidar cambiar la fecha de devolución!!!!!!!
_o.STAFF. Colección General
_d58385
980 _81
_gALBERTO SANCHEZ Responsable de Automatización